Catálogo público

Ovinos / Johan H. Koeslag; colaboración F. Kichner Salinas (Record no. 216993)

MARC details
000 -CABECERA
campo de control de longitud fija 01311nam a2200301Ia 4500
001 - NÚMERO DE CONTROL
campo de control Z_6116
008 - DATOS DE LONGITUD FIJA--INFORMACIÓN GENERAL
campo de control de longitud fija 220601s9999 xx 000 0 und d
020 ## - NÚMERO INTERNACIONAL ESTÁNDAR DEL LIBRO
Número Internacional Estándar del Libro 968-24-3663-X
082 ## - NÚMERO DE LA CLASIFICACIÓN DECIMAL DEWEY
Número de clasificación 636.31 O95 2001
245 ## - MENCIÓN DE TÍTULO
Título Ovinos / Johan H. Koeslag; colaboración F. Kichner Salinas
250 ## - MENCIÓN DE EDICIÓN
Mención de edición 2a ed.
260 ## - PUBLICACIÓN, DISTRIBUCIÓN, ETC.
Lugar de publicación, distribución, etc. México : Trillas
300 ## - DESCRIPCIÓN FÍSICA
Extensión 94 p.
440 ## - MENCIÓN DE SERIE/PUNTO DE ACCESO ADICIONAL--TÍTULO
Título Manuales para educación agropecuaria : área producción animal ; 3
9 (RLIN) 140683
500 ## - NOTA GENERAL
Nota general Basado en el trabajo de Johan H. KoeslagEste manaual ha sido elaborado dentro de un proyecto de cooperación técnica internacional de la DGETA, SEP, FAO Y PNUD
503 ## - NOTA DE HISTORIA BIBLIOGRÁFICA (BK CF MU) [OBSOLETO]
Nota de historia bibliográfica ej.3: C/E
504 ## - NOTA DE BIBLIOGRAFÍA, ETC.
Nota de bibliografía, etc. Incluye índice
650 ## - PUNTO DE ACCESO ADICIONAL DE MATERIA--TÉRMINO DE MATERIA
Término de materia o nombre geográfico como elemento de entrada 1. Ganado lanar
650 ## - PUNTO DE ACCESO ADICIONAL DE MATERIA--TÉRMINO DE MATERIA
Término de materia o nombre geográfico como elemento de entrada Ovejas
9 (RLIN) 137237
650 ## - PUNTO DE ACCESO ADICIONAL DE MATERIA--TÉRMINO DE MATERIA
Término de materia o nombre geográfico como elemento de entrada Ganado - Cría de ovinos
700 ## - PUNTO DE ACCESO ADICIONAL--NOMBRE DE PERSONA
Nombre de persona I. Koeslag, Johan H. \ II. Kichner Salinas, F., colab.
9 (RLIN) 180499
710 ## - PUNTO DE ACCESO ADICIONAL--NOMBRE DE ENTIDAD CORPORATIVA
Nombre de entidad corporativa o nombre de jurisdicción como elemento de entrada III. México. Dirección General de Educación Tecnológica Agropecuaria \ IV. III. México. Secretaría de Educación Pública \ IV. Organizacion de las Naciones Unidas para la Agricultura y la Alimentación \ V. Porgrama de las Naciones Unidad para el DesarrolloÌ
9 (RLIN) 182736
901 ## - ELEMENTOS DE DATOS A LOCAL LDA (RLIN)
a 636.31 O95 2001
902 ## - ELEMENTOS DE DATOS B LOCAL, LDB (RLIN)
a M
905 ## - ELEMENTOS DE DATOS E LOCAL, LDE (RLIN)
a 0000001990 reimp. 2001 mx an 0000000000spa00
942 ## - ELEMENTOS DE PUNTO DE ACCESO ADICIONAL (KOHA)
Tipo de ítem Koha Libro_
Holdings
Estado de retiro Estado de pérdida Fuente del sistema de clasificación o colocación Estado dañado No para préstamo Código de colección Localización permanente Ubicación/localización actual Ubicación en estantería Fecha de adquisición Total de préstamos Código de barras Fecha visto por última vez Fecha del último préstamo Número de copia Precio válido a partir de Tipo de ítem Koha
    Dewey Decimal Classification     General Zootecnia Zootecnia   24/02/2012 3 z_2664 24/09/2025 24/09/2025 1 02/06/2022 Libro